000 00548cam a2200145 4500500
005 20260308004358.0
041 _afre
042 _adc
100 1 0 _aMichelot, Isabelle
_eauthor
245 0 0 _aVéronique BU, Le Voyage en Chine de Monsieur de Balzac, foreword by Yves Gagneux, Les Indes savantes, 2023, 250 p.
260 _c2025.
500 _a1
786 0 _nL’Année balzacienne | 26 | 1 | 2025-11-13 | p. 333-335 | 0084-6473
856 4 1 _uhttps://shs.cairn.info/journal-lannee-balzacienne-2025-1-page-333?lang=en&redirect-ssocas=7080
999 _c1678219
_d1678219